000 00839nam a2200229Ii 4500
003 JO-AjNU
008 230605s9999||||xx |||||||||||||| ||und||
017 _a394/4/2006
020 _a978-9957-07-779-2
040 _aJO-AjNU
_bara
_erda
_cJO-AjNU
041 _aara
050 1 4 _aLB1027.5.D3222 2012
100 3 _aدبور، عبد اللطيف مؤلف/الصافي، عبد الحكيم م.مشارك,
_eauthor
_942791
245 0 0 _aالإرشاد المدرسي بين النظرية والتطبيق
250 _aط2
264 3 1 _aعمان:دار الفكر للطباعة والنشر والتوزيع،2012
300 _a428ص
336 _atext
_btxt
_2rdacontent
337 _aunmediated
_bn
_2rdamedia
338 _avolume
_bnc
_2rdacarrier
650 4 _aالإرشاد المدرسي-الإرشاد التربوي
_942792
999 _aA18349
_c21917
_d21917